书目信息 |
| 书名: | Topology and geometry for physicists | |
| 作者: | Charles Nash, Siddhartha Sen. | |
| 分册号: | ||
| 分册名: | 出版地: | London ; |
|
| 出版社: | Academic Press | |
| 出版时间: | 1983. | |
| 页数: | x, 311 p. : | |
| 开本: | 24 cm. | |
| 丛书名: | ||
| 中图分类号: | ||
| 科图分类号: | ||
| 其他分类号: | O18 | |
| 主题词: | ||
| 电子资源: | ||
| 000 | 00905cam 22003130a 4504 | |
| 001 | E0757237238 | |
| 003 | CaOON | |
| 005 | 20070225164537.67 | |
| 008 | 840116s1983 enka b 0011 eng l | |
| 010 | @a83203969 | |
| 020 | @a0125140819 ;@z0125140800. | |
| 040 | @aDLC@beng@cDLC@dCaOONL@dCaOWA | |
| 050 | 00 | @aQC20.7.T65@bN37 1983 |
| 082 | 0 | @a514 |
| 090 | @aP149/W157 | |
| 090 | @aO18 | |
| 099 | @dO18@ex2 | |
| 100 | 1 | @aNash, Charles. |
| 245 | 10 | @aTopology and geometry for physicists / @cCharles Nash, Siddhartha Sen. |
| 260 | 0 | @aLondon ;@aNew York :@bAcademic Press,@c1983. |
| 300 | @ax, 311 p. :@bill. ;@c24 cm. | |
| 500 | @aIncludes index. | |
| 504 | @aBibliography: p. 305. | |
| 650 | 0 | @aGeometry, Differential. |
| 650 | 0 | @aMathematical physics. |
| 650 | 0 | @aTopology. |
| 700 | 10 | @aSen, Siddhartha. |
| 700 | 10 | @aNash, C. |
| 920 | @a232010@z2 | |
| Topology and geometry for physicists / / Charles Nash, Siddhartha Sen.-London ; ; New York : : Academic Press, , 1983. |
| x, 311 p. : : ill. ; ; 24 cm. |
| Includes index.-Bibliography: p. 305. |
| ISBN 0125140819 ; |
| ● |
| 相关链接 |
|
|
|
|
正题名:Topology and geometry for physicists
索取号:O18/x2
 
预约/预借
| 序号 | 登录号 | 条形码 | 馆藏地/架位号 | 状态 | 备注 |
| 1 | 182447 | 000452478 | 第二样本阅览室/ [索取号:O18/x2] | 在馆 | |
| 2 | 182448 | 000452432 | 第四借阅区/ [索取号:O18/x2] | 在馆 |